书目信息 |
| 题名: |
养老基金与资本市场互动的理论与实证研究
|
|
| 作者: | 张松 著 | |
| 分册: | ||
| 出版信息: | 成都 西南财经大学出版社 2006.06 |
|
| 页数: | 195页 | |
| 开本: | 21cm | |
| 丛书名: | 保险与社会保障前沿研究丛书 | |
| 单 册: | ||
| 中图分类: | F842.67 | |
| 科图分类: | ||
| 主题词: | 养老保险--yang lao bao xian--基金--关系--资本市场--研究--中国 | |
| 电子资源: | ||
| ISBN: | 7-81088-526-X | |
| 000 | 01423nam 2200277 450 | |
| 001 | 012007381609 | |
| 005 | 20070517162103.10 | |
| 010 | @a7-81088-526-X@dCNY13.80 | |
| 100 | @a20070310d2006 km y0chiy0120 ea | |
| 101 | 0 | @achi |
| 102 | @aCN@b510000 | |
| 105 | @ay a 000yy | |
| 200 | 1 | @a养老基金与资本市场互动的理论与实证研究@Ayang lao ji jin yu zi ben shi chang hu dong de li lun yu shi zheng yan jiu@e兼论中国养老基金与资本市场良性互动的政策思路@f张松著@Fzhang song zhu |
| 210 | @a成都@c西南财经大学出版社@d2006.06 | |
| 215 | @a195页@d21cm | |
| 225 | 2 | @a保险与社会保障前沿研究丛书@Abao xian yu she hui bao zhang qian yan yan jiu cong shu |
| 300 | @a国家自然科学基金项目 西南财经大学"十五""211工程"建设项目 | |
| 320 | @a有书目 (第188-193页) | |
| 330 | @a本书着眼于养老基金与资本市场互动的理论框架,在理论和实证研究的基础上总结出二者良性互动的一般性约束条件。进而在养老基金与资本市场互动理论和一般性约束条件基础之上,结合中国养老基金与资本市场互动的实际情况,来讨论进一步实现中国养老基金与资本市场的良性互动。 | |
| 410 | 0 | @12001 @a保险与社会保障前沿研究丛书 |
| 517 | 1 | @a兼论中国养老基金与资本市场良性互动的政策思路@Ajian lun zhong guo yang lao ji jin yu zi ben shi chang liang xing hu dong de zheng ce si lu |
| 606 | 0 | @a养老保险@Ayang lao bao xian@x基金@x关系@x资本市场@x研究@y中国 |
| 690 | @aF842.67@v4 | |
| 701 | 0 | @a张松@Azhang song@4著 |
| 801 | 0 | @aCN@c20070517 |
| 905 | @a10447@dF842.67@eZ172 | |
| 养老基金与资本市场互动的理论与实证研究:兼论中国养老基金与资本市场良性互动的政策思路/张松著.-成都:西南财经大学出版社,2006.06 |
| 195页;21cm.-(保险与社会保障前沿研究丛书) |
| 国家自然科学基金项目 西南财经大学"十五""211工程"建设项目 |
| ISBN 7-81088-526-X:CNY13.80 |
| 本书着眼于养老基金与资本市场互动的理论框架,在理论和实证研究的基础上总结出二者良性互动的一般性约束条件。进而在养老基金与资本市场互动理论和一般性约束条件基础之上,结合中国养老基金与资本市场互动的实际情况,来讨论进一步实现中国养老基金与资本市场的良性互动。 |
| ● |
| 相关链接 |
|
|
|
正题名:养老基金与资本市场互动的理论与实证研究
索取号:F842.67/Z172
 
预约/预借
| 序号 | 登录号 | 条形码 | 馆藏地/架位号 | 状态 | 备注 |
| 1 | 236924 | 202369249 | 社科库409/409社科库 55排5列1层/ [索取号:F842.67/Z172] | 在馆 | |
| 2 | 236925 | 202369258 | 社科库409/409社科库 55排5列1层/ [索取号:F842.67/Z172] | 在馆 |